000 00689nam a2200205Ii 4500
003 JO-AjNU
008 230606s9999||||xx |||||||||||||| ||und||
020 _a978-0-7486-3917-5(hardback) , 978-0-4-7486-3918-2(Paperback)
040 _aJO-AjNU
_beng
_erda
_cJO-AjNU
041 _aeng
050 1 4 _aPR6073 2010
100 3 _aEdited by Schoene, Berthold,
_eauthor
_92513
245 0 4 _aThe Edinburgh Companion to Irvine Welsh
264 3 1 _aEdinburgh: Edinburgh University Press, 2010
300 _a148P
336 _atext
_btxt
_2rdacontent
337 _aunmediated
_bn
_2rdamedia
338 _avolume
_bnc
_2rdacarrier
650 4 _aCivilization, Classical - History - Irvine Welsh
_92514
999 _aE1315
_c1315
_d1315